| 000 | 00950cam a2200241 4500 | ||
|---|---|---|---|
| 001 | 2948 | ||
| 005 | 20181127170127.0 | ||
| 008 | 060519s2006 ii ab 001 0 eng | ||
| 010 | _a 2006413371 | ||
| 020 | _a0670999016 | ||
| 020 | _a9780670086344 | ||
| 043 | _aa-bt--- | ||
| 100 | 0 |
_aAshi Dorji Wangmo Wangchuck, _cQueen, Consort of Jigme Singye Wangchuck, King of Bhutan, _d1955- |
|
| 245 | 1 | 0 |
_aTreasures of the thunder dragon : _ba portrait of Bhutan / _cAshi Dorji Wangmo Wangchuck. |
| 246 | 3 | 0 | _aPortrait of Bhutan |
| 260 |
_aNew Delhi ; _bPenguin, _c2012. |
||
| 300 |
_axii, 211 p. : _bcol. ill., maps ; _c24 cm. |
||
| 500 | _aIncludes index. | ||
| 520 | _aAuthor's memoir of travelogue with the historical and cultural description of Bhutan. | ||
| 600 | 0 | 0 |
_aAshi Dorji Wangmo Wangchuck, _cQueen, Consort of Jigme Singye Wangchuck, King of Bhutan, _d1955- _xTravel. |
| 650 | 0 |
_aQueens _x _zBhutan. |
|
| 651 | 0 |
_aBhutan _xDescription and travel. |
|
| 999 |
_c2369 _d2369 |
||